000
00284nam a22001217a 4500
008
170707b xxu||||| |||| 00| 0 eng d
041
_a
eng
080
_a
05
100
_a
22
101
_a
gjl
245
_a
HANDBOOK OF AMERICAN ENGLISH SPELLING
_c
DEIGHTON.L.C
942
_2
udc
_c
BK
999
_c
20013
_d
20013